| 000 | 00774nam a2200205 i 4500 | ||
|---|---|---|---|
| 001 | 59103 | ||
| 003 | ES-MaACL | ||
| 005 | 20250911063533.0 | ||
| 007 | t| | ||
| 008 | 031027s1931 pr ||||1| spa d | ||
| 100 | 1 |
_aEnamorado Cuesta, José, _d1892-1976 _947167 |
|
| 245 | 1 | 0 |
_aEnsayos étnico-sociológicos / _cJ. Enamorado Cuesta. |
| 260 |
_aPonce (Puerto Rico) : _bEl Dia, _c1931. |
||
| 300 |
_a52 p. ; _c23 cm. |
||
| 505 | 8 | _aContiene: 1ª parte: Ibero-americanismo versus panamericanismo. 2ª parte: Influencia de la industria azucarera en la vida antillana y sus consecuencias sociales | |
| 852 |
_aES-MaACL _j1635-F-16 _z.- Dedicatoria manuscrita del autor |
||
| 852 |
_aES-MaACL _j1762-F-19 |
||
| 852 |
_aES-MaACL _j1821-F-18 |
||
| 999 |
_c59103 _d59103 |
||